<?xml version="1.0" encoding="UTF-8"?>
<record
    xmlns:xsi="http://www.w3.org/2001/XMLSchema-instance"
    xsi:schemaLocation="http://www.loc.gov/MARC21/slim http://www.loc.gov/standards/marcxml/schema/MARC21slim.xsd"
    xmlns="http://www.loc.gov/MARC21/slim">

  <leader>01673    a2200217   4500</leader>
  <controlfield tag="001">47197</controlfield>
  <controlfield tag="005">20260407155740.0</controlfield>
  <controlfield tag="008">260407a2006    arg                 spa d</controlfield>
  <controlfield tag="003">AR-UNSa-BCEJYS</controlfield>
  <datafield tag="040" ind1=" " ind2=" ">
    <subfield code="a">AR-UNSa-BCEJYS</subfield>
    <subfield code="b">spa</subfield>
    <subfield code="c">AR-UNSa-BCEJYS</subfield>
  </datafield>
  <datafield tag="080" ind1=" " ind2=" ">
    <subfield code="a">330</subfield>
    <subfield code="x">Econom&#xED;a en general</subfield>
  </datafield>
  <datafield tag="245" ind1="1" ind2="0">
    <subfield code="a">Teor&#xED;a de la Relatividad Econ&#xF3;mica</subfield>
    <subfield code="p">Soluci&#xF3;n a la crisis monetarias</subfield>
  </datafield>
  <datafield tag="020" ind1=" " ind2=" ">
    <subfield code="a">987-502-031-1</subfield>
  </datafield>
  <datafield tag="264" ind1=" " ind2="1">
    <subfield code="a">Buenos Aires :</subfield>
    <subfield code="b">Edici&#xF3;n Distal</subfield>
    <subfield code="c">2006</subfield>
  </datafield>
  <datafield tag="300" ind1=" " ind2=" ">
    <subfield code="a">492 p.</subfield>
    <subfield code="c">24 cm.</subfield>
  </datafield>
  <datafield tag="505" ind1=" " ind2=" ">
    <subfield code="a">Parte I: Ciencia: 1. Conceptos previos -- Parte II: Ciencia Econ&#xF3;mica: 2. Casualidad econ&#xF3;mica - 3. Agente econ&#xF3;mico - 4. Bienes econ&#xF3;micos - 5. Intercambio intertemporal - 6. Intercambio interpersonal - 7. Contado. Dinero. Sustitutos del dinero - 8. Cr&#xE9;dito. Valor del cr&#xE9;dito - 9. El cr&#xE9;dito y la liquidez -- Parte III: Corroboraci&#xF3;n de la teor&#xED;a econ&#xF3;mica. La contabilidad: 10. La contabilidad como modelo econ&#xF3;mico - 11. Contado. Intercambio interpersonal directo - "Trueque" - 12. Cr&#xE9;dito. Materializaci&#xF3;n flexible - Cr&#xE9;dito irregular (PM) -- Parte IV: S&#xED;ntesis, ampliaci&#xF3;n y comparaci&#xF3;n de la Teor&#xED;a de la relatividad econ&#xF3;mica: 13. S&#xED;ntesis de la teor&#xED;a de la relatividad econ&#xF3;mica - 14. Comparaci&#xF3;n y ampliaci&#xF3;n de la teor&#xED;a - 15.  Teor&#xED;a cuantitativa - 16. Keynes. El pensamiento de Keynes - 17. Hayek -- Parte V: Soluci&#xF3;n a las crisis monetarias: 18. Diagn&#xF3;stico de las crisis monetarias - 19. Tratamiento de las crisis monetarias. </subfield>
  </datafield>
  <datafield tag="942" ind1=" " ind2=" ">
    <subfield code="c">BK</subfield>
  </datafield>
  <datafield tag="590" ind1=" " ind2=" ">
    <subfield code="a">niveau_biblio:m niveau_hierar:0</subfield>
  </datafield>
  <datafield tag="100" ind1="1" ind2=" ">
    <subfield code="a">Bondone, Carlos</subfield>
  </datafield>
  <datafield tag="856" ind1="4" ind2="1">
    <subfield code="u">https://www.biblioeco.unsa.edu.ar/pmb/images/libros/L127428.jpg</subfield>
    <subfield code="y">Imagen de portada</subfield>
    <subfield code="q">image/jpeg</subfield>
  </datafield>
  <datafield tag="999" ind1=" " ind2=" ">
    <subfield code="c">4316</subfield>
    <subfield code="d">4316</subfield>
  </datafield>
  <datafield tag="952" ind1=" " ind2=" ">
    <subfield code="0">0</subfield>
    <subfield code="1">0</subfield>
    <subfield code="4">0</subfield>
    <subfield code="7">0</subfield>
    <subfield code="a">BCEJYS</subfield>
    <subfield code="b">BCEJYS</subfield>
    <subfield code="c">16</subfield>
    <subfield code="d">2026-04-07</subfield>
    <subfield code="l">0</subfield>
    <subfield code="o">330 B711</subfield>
    <subfield code="p">L127428</subfield>
    <subfield code="r">2026-04-07 15:57:40</subfield>
    <subfield code="w">2026-04-07</subfield>
    <subfield code="y">L</subfield>
  </datafield>
</record>
